Websters Student Dictionary fo the english language. (Record no. 1338408)

MARC details
000 -LEADER
fixed length control field 00546nam a2200181Ia 4500
008 - FIXED-LENGTH DATA ELEMENTS--GENERAL INFORMATION
fixed length control field 151202s9999||||xx |||||||||||||| ||und||
082 ## - DEWEY DECIMAL CLASSIFICATION NUMBER
Item number PNVM-71739
100 ## - MAIN ENTRY--PERSONAL NAME
Personal name LANDAU SIDNEY.
245 ## - TITLE STATEMENT
Title Websters Student Dictionary fo the english language.
260 ## - PUBLICATION, DISTRIBUTION, ETC. (IMPRINT)
Name of publisher, distributor, etc TRIDENT PRESS INTERNATIONAL.
260 ## - PUBLICATION, DISTRIBUTION, ETC. (IMPRINT)
Date of publication, distribution, etc 7173
300 ## - PHYSICAL DESCRIPTION
Extent 860
600 ## - SUBJECT ADDED ENTRY--PERSONAL NAME
Personal name LANDAU SIDNEY.
630 ## - SUBJECT ADDED ENTRY--UNIFORM TITLE
Uniform title Websters Student Dictionary fo the english language.
700 ## - ADDED ENTRY--PERSONAL NAME
Personal name LANDAU SIDNEY.
730 ## - ADDED ENTRY--UNIFORM TITLE
Uniform title Websters Student Dictionary fo the english language.
942 ## - ADDED ENTRY ELEMENTS (KOHA)
Koha item type Book
Holdings
Withdrawn status Lost status Damaged status Not for loan Home library Current library Date acquired Cost, normal purchase price Total Checkouts Full call number Barcode Date last seen Cost, replacement price Price effective from Koha item type
        Pune Nagar Vachan Mandir, Pune Pune Nagar Vachan Mandir, Pune 06/21/2015 0.00   PNVM-71739 PNVM-71739 12/02/2015 0.00 12/02/2015 Book